OPERATIONS MANAGEMENT (Record no. 13305)
[ view plain ]
| 000 -LEADER | |
|---|---|
| fixed length control field | 00336nam a2200133Ia 4500 |
| 008 - FIXED-LENGTH DATA ELEMENTS--GENERAL INFORMATION | |
| fixed length control field | 240624s9999 xx 000 0 und d |
| 041 ## - LANGUAGE CODE | |
| Language code of text/sound track or separate title | eng |
| 082 ## - DEWEY DECIMAL CLASSIFICATION NUMBER | |
| Classification number | 658.5 RUS |
| 100 ## - MAIN ENTRY--PERSONAL NAME | |
| Personal name | RUSSELL ROBERTA S |
| 245 ## - TITLE STATEMENT | |
| Title | OPERATIONS MANAGEMENT |
| 250 ## - EDITION STATEMENT | |
| Edition statement | (4th ed.) |
| 260 ## - PUBLICATION, DISTRIBUTION, ETC. | |
| Date of publication, distribution, etc. | 2009 |
| Place of publication, distribution, etc. | New Delhi |
| Name of publisher, distributor, etc. | Pearson Education |
| 300 ## - PHYSICAL DESCRIPTION | |
| Extent | 846 : p. ; 25cm. |
| Withdrawn status | Lost status | Damaged status | Not for loan | Home library | Current library | Shelving location | Date acquired | Total Checkouts | Total Renewals | Full call number | Barcode | Date last seen | Date last checked out | Price effective from | Koha item type |
|---|---|---|---|---|---|---|---|---|---|---|---|---|---|---|---|
| IMTN | IMTN | Rack 34-A | 06/05/2009 | 1 | 1 | 658.5 RUS | 13305 | 10/07/2025 | 08/20/2025 | 06/24/2024 | Books |